Ιστορία του 13ου αιώνα της Ρόδου και των γύρω νησιών
Αποθηκεύτηκε σε:
| Κύριος συγγραφέας: | |
|---|---|
| Μορφή: | Βιβλίο |
| Γλώσσα: | Greek |
| Δημοσίευση: |
Ρόδος :
[χ.ό.],
1979
|
| Θέματα: | |
| Ετικέτες: |
Προσθήκη ετικέτας
Δεν υπάρχουν, Καταχωρήστε ετικέτα πρώτοι!
|
MARC
| LEADER | 00000cam a2200000 i 4500 | ||
|---|---|---|---|
| 001 | 1/75600 | ||
| 008 | 970123s1979 gr | ||| |||| ||gre|| | ||
| 035 | |a 1990 |b 3 |c Δωρεά |l 10032168 | ||
| 040 | |a GR-MY-UA |b gre |e aacr | ||
| 041 | 0 | |a gre | |
| 082 | 0 | |a 938.97 | |
| 100 | 1 | |a Μαρτίνης, Γιώργος. | |
| 245 | 1 | 0 | |a Ιστορία του 13ου αιώνα της Ρόδου και των γύρω νησιών / |c Γιώργου Μαρτίνη |
| 260 | |a Ρόδος : |b [χ.ό.], |c 1979 | ||
| 300 | |a 122 σ. | ||
| 651 | 0 | |a Dodekanesos (Greece) |x History. | |
| 651 | 0 | |a Rhodes (Greece : Island) |x History |y 13th century. | |
| 852 | |a INST |b RHODES |e 19970123 |h 938.97 ΜΑΡ |p 005400010629 |q 005400010629 |t BK |y 0 | ||
| 909 | |a Ρ |b 017507 | ||
| 970 | |z 2000/06/ΟΙΚΟΝΟΜΟΠΟΥΛΟΥ (SUBJECT) | ||